| 000 | 01938nam0a2200373 4500 | ||
|---|---|---|---|
| 001 | RU\NLR\BIBL_A\022756252 | ||
| 005 | 20260614224444.0 | ||
| 010 |
_a978-5-00261-683-1 _9500 |
||
| 021 |
_aRU _bКН-П-26-004512 _9КН-П-26-0429 |
||
| 035 | _a(NLR Aleph) 022756252 | ||
| 090 |
_a13729956 _c13729956 |
||
| 100 | _a20260317d2025 u y0rusy50 ca | ||
| 101 | 0 | _arus | |
| 102 | _aRU | ||
| 105 | _aa j 000yy | ||
| 181 | 0 |
_ai _baxxe |
|
| 182 | 0 | _an | |
| 200 | 1 |
_aСкандинавская ходьба и нетрадиционные оздоровительные практики на занятиях физической культурой в вузах _eучебное пособие _fО. Л. Постол, О. Н. Панкратова |
|
| 203 |
_aТекст _bвизуальный _cнепосредственный |
||
| 210 |
_aКурск _cУниверситетская книга _d2025 |
||
| 215 |
_a112 с. _cил. _d21 |
||
| 320 | _aБиблиогр.: с. 100-101 (21 назв.) | ||
| 606 | 1 |
_aСкандинавская ходьба _jУчебные издания для высших учебных заведений _2nlr_sh2 _3RU\NLR\AUTH\6601572370 |
|
| 606 | 1 |
_aОздоровительная физическая культура _xВысшая школа _jУчебные издания для высших учебных заведений _2nlr_sh2 _3RU\NLR\AUTH\6601642979 |
|
| 606 | 1 |
_aТерренкур _xВлияние на организм _jУчебные издания для высших учебных заведений _2nlr_sh1 _2nlr_sh2 _3RU\NLR\AUTH\661289125 |
|
| 686 | 1 | _aР354.113я73 | |
| 686 | 1 | _aЧ517.116сканд.я73 | |
| 686 | 1 | _aЧ511.153.18я73 | |
| 700 | 1 |
_aПостол _bО. Л. _gОльга Львовна |
|
| 701 | 1 |
_aПанкратова _bО. Н. _gОльга Николаевна |
|
| 942 | _cBOOK | ||
| 980 | _aNB | ||